| 000 | 00729cam a2200205 4500 | ||
|---|---|---|---|
| 001 | WS107651 | ||
| 008 | 000000n 000 0 eng u | ||
| 035 | _a(Sirsi) u107651 | ||
| 110 |
_aAmerican Real Estate and Urban Economics Association _93921 |
||
| 245 | _aAmerican Real Estate and Urban Economics Association | ||
| 520 | _aSite for this US organisation including links to their journal 'Real Estate Economics' giving a searchable index dating back to 1973. | ||
| 650 | _aUSA | ||
| 650 | _aJOURNALS | ||
| 650 | _aPLANNING | ||
| 650 | _aORGANISATION | ||
| 650 | _aCOMMERCIAL | ||
| 690 | _aINTERNATIONAL-AMERICAS | ||
| 856 | 4 | 0 |
_uhttps://www.areuea.org _zView the website free of charge at www.areuea.org... |
| 942 | _n0 | ||
| 999 |
_c119581 _d119581 |
||